Seeking spiritual security: (Record no. 6125)

000 -LEADER
fixed length control field 00612nam a2200181 a 4500
001 - CONTROL NUMBER
control field :::00003868$&:&@@
003 - CONTROL NUMBER IDENTIFIER
control field OkBaRHE
005 - DATE AND TIME OF LATEST TRANSACTION
control field 20000607103313.0
008 - FIXED-LENGTH DATA ELEMENTS--GENERAL INFORMATION
fixed length control field s1982 j 000 0 eng u
040 ## - CATALOGING SOURCE
Transcribing agency
100 1# - MAIN ENTRY--PERSONAL NAME
Personal name Holland, Thomas H.
245 10 - TITLE STATEMENT
Title Seeking spiritual security:
Remainder of title twenty-five full content sermon outlines from 1 John.
260 ## - PUBLICATION, DISTRIBUTION, ETC. (IMPRINT)
Place of publication, distribution, etc Brentwood, TN., :
Name of publisher, distributor, etc Penmann Press
Date of publication, distribution, etc 1982
300 ## - PHYSICAL DESCRIPTION
Extent 86 p. ;
Dimensions 21 cm.
650 ## - SUBJECT ADDED ENTRY--TOPICAL TERM
Topical term or geographic name as entry element Bible New Testament 1 John
General subdivision Sermons
-- Outlines
942 ## - ADDED ENTRY ELEMENTS (KOHA)
Source of classification or shelving scheme
Koha item type Books
Copies
Copy number Date last seen Source of classification or shelving scheme Full call number Date acquired Withdrawn status Not for loan Shelving location Lost status Permanent Location Price effective from Barcode Damaged status Koha item type
12018-04-03 BS 2805 .H62010-04-14  General Stacks RHEMA Bible Training College2010-04-143868 Books